000 00713nam a2200217 i 4500
001 bg
245 0 0 _aInżynieria wysokich napięć w elektroenergetyce :
_bpraca zbiorowa /
_cpod red. Hanny Mościckiej-Grzesiak.
_nT. 1.
260 _aPoznań :
_bWydaw. Politechniki Poznańskiej,
_c1996.
300 _a323 s. :
_bfot., 2 mapy, rys., wykr. ;
_c24 cm.
504 _aBibliogr. przy rozdz.
650 9 _aTechnika wysokich napięć
650 9 _aElektroenergetyka
_xzagadnienia
700 1 _aMOŚCICKA-GRZESIAK, Hanna.
_eRed.
020 _a8371430582 (t. 1)
040 _cBPK
041 0 _apl
080 _a621.31
920 _a83-7143-058-2 (t. 1)
942 _cKS
008 s pl f |000 0 pol
999 _c31095
_d31095
856 _uhttp://koha.tu.koszalin.pl/cgi-bin/koha/opac-detail.pl?biblionumber=31095
_yKatalog online BPK